000 00485nam a2200193Ia 4500
005 20250508153928.0
008 008 250505s9999 xx 000 0 ger d
037 _aBooks to be hide in OPAC
040 _aFEDL
_beng
_cFEDL
041 _ager
_2eng
084 _qFEDL
100 _aHartmam Karl
_9764701
245 0 _aHumaniftifcher unterricht und bildende kunft don
260 _c1909
300 _a84p.
546 _aWeeded out
942 _cHB
999 _c1346434
_d1346434